000 00449cam a2200181ua 4500
001 10318
008 180323n ii |||gr||||Z||||||eng
020 _a9789386544162
040 _cMAIN
082 _a155.4
100 _aKumar,
_eAuthor.
245 _aChild psychology
_cBy Kumar
250 _a12th ed.
260 _aAgra:
_bLakshmi Naraian Agarwal,
_c2017.
300 _a304,4p.
653 _aDifferential & developmental psychology
942 _cBK
999 _c9313
_d9313